Sovetskij eksport toplivno-energetičeskich tovarov.

Súvislosť úspor energetiky so štruktúrnou prestavbou ekonomiky. Možnosti poklesu vývozu ropy ako náhrady za dovoz obilnín. Miesto vývozu ropy v stratégii zahraničného obchodu ZSSR. Faktory, ktoré ovplyvňujú trh ropy (rast obyvateľstva, ekonomický rast, ceny ropy...). Pokles ťažby ropy a uhlia v ZSSR...

Description complète

Enregistré dans:
Détails bibliographiques
Auteur principal: Jeršov, Ju
Format: Chapitre de livre
Langue:russe
Sujets:
Tags: Ajouter un tag
Pas de tags, Soyez le premier à ajouter un tag!

MARC

LEADER 00000naa a2200000 4500
001 r001902
005 20220819194701.5
041 0 |a rus 
044 |a [SU] 
245 1 0 |a Sovetskij eksport toplivno-energetičeskich tovarov.  |c Ju. Jeršov 
520 |a Súvislosť úspor energetiky so štruktúrnou prestavbou ekonomiky. Možnosti poklesu vývozu ropy ako náhrady za dovoz obilnín. Miesto vývozu ropy v stratégii zahraničného obchodu ZSSR. Faktory, ktoré ovplyvňujú trh ropy (rast obyvateľstva, ekonomický rast, ceny ropy...). Pokles ťažby ropy a uhlia v ZSSR. 
610 2 0 |a vývoz 
610 2 0 |a energetika 
610 2 0 |a ropa 
610 2 0 |a uhlie 
610 2 0 |a obchod zahraničný 
610 2 0 |a dovoz 
610 2 0 |a obilniny 
610 2 0 |a ZSSR 
100 1 |a Jeršov, Ju.